|
|
|
|
| LEADER |
00000nab a2200000 a 4500 |
| 001 |
vtls011731326 |
| 003 |
SK-MaSNL |
| 005 |
20260303112954.0 |
| 008 |
230121|1977 xo |||||||||||||||||slo |
| 015 |
|
|
|a SNBRB
|
| 035 |
|
|
|a (urnnbn)urn:nbn:sk:snk:ar-a0620x
|
| 035 |
|
|
|a urn:nbn:sk:snk-abf914
|
| 035 |
|
|
|a (uuid)a1db4fe0-0308-44ca-808b-fc1d504acd83
|
| 040 |
|
|
|a SNKBUCL
|b slo
|c SNKBUCL
|e AACR2
|
| 041 |
0 |
|
|a slo
|
| 044 |
|
|
|a xo
|c SK
|
| 100 |
1 |
|
|a Görner, Fridrich,
|d 1921-2006
|4 aut
|9 37281
|
| 245 |
1 |
0 |
|a AROMATICKÉ LÁTKY A RACIONÁLNA VÝŽIVA
|c Fridrich Görner
|
| 773 |
0 |
|
|t Výživa a zdravie : časopis pre výživu a zdravý životný štýl
|g Roč. 22, č. 7 (1977), s. 160-161
|
| 954 |
|
|
|a odborná, vedecká literatúra pôvodná (slovenská)
|2 lita
|
| 958 |
|
|
|a OND
|
| 958 |
|
|
|a EUIPO
|
| 958 |
|
|
|a article24
|
| 999 |
|
|
|c 1889141
|d 1891071
|